[Event "GER-ch Net Amateur Gr-C Final"]
[Site "Playchess.com INT"]
[Date "2020.04.18"]
[Round "2"]
[White "Guntermann, Erik"]
[Black "Hartmann, Lasse Elias"]
[Result "0-1"]
[WhiteElo "1579"]
[BlackElo "1580"]
[PlyCount "120"]
[EventDate "2020.04.18"]
[EventType "swiss (blitz)"]
[EventRounds "13"]
[EventCountry "GER"]
[SourceTitle "CBM 195 Extra"]
[Source "ChessBase"]
[SourceDate "2020.05.31"]
[SourceVersion "1"]
[SourceVersionDate "2020.05.31"]
[SourceQuality "1"]

1. e4 e6 2. d4 d5 3. e5 c5 4. c3 Nc6 5. f4 cxd4 6. cxd4 Nge7 7. Nf3 Nf5 8. g4 Nfe7 9. Bb5 Bd7 10. Nc3 a6 11. Ba4 b5 12. Bc2 Nc8 13. Bd2 f6 14. h3 Be7 15. 0-0 0-0 16. Qe2 Qb6 17. Qd3 g6 18. Rf2 Nb4 19. Qe2 Nxc2 20. Raf1 Nxd4 21. Nxd4 Qxd4 22. Be3 Qb4 23. a3 Qa5 24. Rc1 fxe5 25. fxe5 Rxf2 26. Qxf2 Qd8 27. Bh6 Bg5 28. Bxg5 Qxg5 29. Rf1 Qe7 30. Ne2 Be8 31. Nd4 Qf7 32. Qe2 Qe7 33. Qf2 Bd7 34. Kh2 Rb8 35. b4 Nb6 36. Nc2 Rf8 37. Qe2 Rxf1 38. Qxf1 Nc4 39. Qf3 Qf7 40. Qg2 Qf4+ 41. Kh1 Qe4 42. Qxe4 dxe4 43. Kg2 Bc6 44. Kf2 e3+ 45. Ke2 Kf7 46. Nd4 Ba8 47. g5 Nxa3 48. Kxe3 Ke7 49. Kd3 Nc4 50. h4 Nxe5+ 51. Ke3 Nc4+ 52. Kd3 Nd6 53. Ke3 Nf5+ 54. Nxf5+ exf5 55. Kf4 Ke6 56. h5 gxh5 57. Kg3 Ke5 58. Kh4 f4 59. Kxh5 f3 60. Kh6 Kf5 0-1

[Event "GER-ch Net Amateur Gr-C Vor3"]
[Site "Playchess.com INT"]
[Date "2020.04.16"]
[Round "3"]
[White "Guntermann, Erik"]
[Black "Kauschanski, Nicolas"]
[Result "0-1"]
[WhiteElo "1622"]
[BlackElo "1429"]
[PlyCount "30"]
[EventDate "2020.04.16"]
[EventType "swiss (blitz)"]
[EventRounds "9"]
[EventCountry "GER"]
[SourceTitle "CBM 195 Extra"]
[Source "ChessBase"]
[SourceDate "2020.05.31"]
[SourceVersion "1"]
[SourceVersionDate "2020.05.31"]
[SourceQuality "1"]

1. e4 e6 2. d4 d5 3. e5 c5 4. c3 Qb6 5. f4 cxd4 6. cxd4 Nc6 7. Nf3 Nge7 8. Nc3 Nf5 9. g4 Nfxd4 10. Nxd4 Qxd4 11. Qxd4 Nxd4 12. Bd3 Bd7 13. Be3 Nc6 14. Rc1 Nb4 15. a3 Nxd3+ 0-1

[Event "GER-ch Net Amateur Gr-C Vor2"]
[Site "Playchess.com INT"]
[Date "2020.04.15"]
[Round "4"]
[White "Habinski, David"]
[Black "Guntermann, Erik"]
[Result "0-1"]
[WhiteElo "1420"]
[BlackElo "1538"]
[PlyCount "140"]
[EventDate "2020.04.15"]
[EventType "swiss (blitz)"]
[EventRounds "9"]
[EventCountry "GER"]
[SourceTitle "CBM 196 Extra"]
[Source "ChessBase"]
[SourceDate "2020.07.31"]
[SourceVersion "1"]
[SourceVersionDate "2020.07.31"]
[SourceQuality "1"]

1. e4 c5 2. Nf3 Nc6 3. d4 cxd4 4. Nxd4 Qb6 5. Be3 Qxb2 6. Nb3 Qe5 7. Qf3 Nf6 8. Bd3 Qc7 9. 0-0 d6 10. Nc3 Ne5 11. Bb5+ Bd7 12. Bxd7+ Nfxd7 13. Qf5 Qxc3 14. Rac1 g6 15. Qh3 Bg7 16. Rfd1 Qc6 17. Bh6 0-0 18. Bxg7 Kxg7 19. Nd4 Qxe4 20. Qg3 Qg4 21. Qxg4 Nxg4 22. Re1 e5 23. Nf3 Nb6 24. h3 Nf6 25. Kh2 Rac8 26. Red1 Rfd8 27. c4 Nxc4 28. Rc2 b5 29. Rdc1 Ne8 30. Nd2 d5 31. Nxc4 dxc4 32. Kg3 Rd3+ 33. f3 Nd6 34. Kf2 Rd8 35. Ke2 Nf5 36. g4 Ne7 37. Kf2 Rd2+ 38. Rxd2 Rxd2+ 39. Ke1 Rxa2 40. Rd1 c3 41. Rc1 c2 42. Kd2 b4 43. Rxc2 Rxc2+ 44. Kxc2 Kf6 45. Kb3 Kg5 46. Kxb4 Kf4 47. Ka5 Kxf3 48. Ka6 Kg3 49. Kxa7 Kxh3 50. Kb7 Kxg4 51. Kc7 h5 52. Kd7 h4 53. Kxe7 h3 54. Kxf7 h2 55. Kxg6 h1Q 56. Kf6 Qh3 57. Kxe5 Qf3 58. Kd6 Kf5 59. Kc5 Qe4 60. Kd6 Qe5+ 61. Kc6 Kf6 62. Kb6 Qd5 63. Ka6 Qc5 64. Kb7 Qd6 65. Kc8 Qe7 66. Kb8 Ke6 67. Ka8 Kd6 68. Kb8 Qf7 69. Ka8 Kc6 70. Kb8 Qb7# 0-1